|
|
|
|
| LEADER |
01222nam a22002537a 4500 |
| 001 |
AAL7656 |
| 003 |
BD-DhAAL |
| 005 |
20160219203209.0 |
| 008 |
160219m20101980bg ||||| |||| 001 0 ben d |
| 020 |
|
|
|a 9844101514
|
| 082 |
|
|
|2 22
|a 190
|
| 100 |
|
|
|a ইসলাম, আমিনুল
|9 18074
|
| 245 |
|
|
|a আধুনিক পাশ্চাত্য দর্শন /
|c আমিনুল ইসলাম
|
| 260 |
|
|
|a ঢাকা :
|b মাওলা ব্রাদার্স,
|c ২০১০
|
| 300 |
|
|
|a ৩৬৫ পৃ. ;
|c ২২ সে.মি.
|
| 500 |
|
|
|a Includes index.
|
| 541 |
|
|
|e 7656
|
| 650 |
|
|
|a Philosophy, Modern
|y 20th century.
|9 18075
|
| 852 |
|
|
|a Savar Campus Library
|c General Shelf
|
| 942 |
|
|
|2 ddc
|c BK
|
| 999 |
|
|
|c 36893
|d 36893
|
| 952 |
|
|
|0 0
|1 0
|2 ddc
|4 0
|6 190_000000000000000_ISL
|7 0
|9 58080
|a SCL
|b SCL
|c GEN
|d 2016-02-19
|g 250.00
|l 1
|m 1
|o 190 ISL
|p 3020007656
|r 2025-07-05
|s 2025-06-26
|t 1
|w 2016-02-19
|y BK
|
| 952 |
|
|
|0 0
|1 0
|2 ddc
|4 0
|6 190_000000000000000_ISL
|7 0
|9 58081
|a SCL
|b SCL
|c GEN
|d 2016-02-19
|g 250.00
|l 0
|o 190 ISL
|p 3020007964
|r 2016-02-19
|t 2
|w 2016-02-19
|y BK
|
| 952 |
|
|
|0 0
|1 0
|2 ddc
|4 0
|6 190_000000000000000_ISL
|7 0
|9 59224
|a SCL
|b SCL
|c GEN
|d 2016-07-13
|g 250.00
|l 0
|o 190 ISL
|p 3020007965
|r 2016-07-13
|t 3
|w 2016-07-13
|y BK
|